000 01121cam a2200325 a 4500
001 12665384
003 OSt
005 20240926092524.0
008 001113s2000 enka b 000 0 eng d
010 _a 2002318039
015 _aGBA0-70518
020 _a0850926459
035 _a(OCoLC)ocm45350399
040 _cmust
050 0 0 _aHD9000.6
_b.W76 2000
082 0 0 _a338.19 WTO 2000
_221
100 _aChristopher, Stevens; [et..al]
_919218
245 0 4 _aThe WTO Agreement on Agriculture and Food security
260 _aLondon;
_bCommonwealth Secretariat,
_c2000.
300 _axiv, 64 p. :
_bill. ;
_c26 cm.
490 0 _aEconomic paper ;
_v42
504 _aIncludes bibliographical references (p. 61-63).
610 1 0 _aWorld Trade Organization.
_9954
650 0 _aFood supply
_918495
650 0 _aForeign trade regulation.
_918496
830 0 _aEconomic paper (Commonwealth Secretariat) ;
_v42.
_918485
906 _a7
_bcbc
_ccopycat
_d2
_encip
_f20
_gy-gencatlg
942 _2ddc
_cO_SHELF
999 _c9085
_d9085